Atmospheric chemistry and physics : From air pollution to climate change
Salvato in:
| Autore principale: | |
|---|---|
| Natura: | Sách |
| Lingua: | Undetermined |
| Pubblicazione: |
John Wiley & Sons, Inc
2016
|
| Soggetti: | |
| Tags: |
Aggiungi Tag
Nessun Tag, puoi essere il primo ad aggiungerne! !
|
| Thư viện lưu trữ: | Trung tâm Thư viện - Trường Đại học Công nghiệp TP. Hồ Chí Minh |
|---|
| LEADER | 00584nam a2200157Ia 4500 | ||
|---|---|---|---|
| 001 | UIH_04490 | ||
| 008 | 231011s9999 xx 000 0 und d | ||
| 082 | |a 551.511 | ||
| 100 | |a Seinfeld, John H | ||
| 245 | 0 | |a Atmospheric chemistry and physics : From air pollution to climate change | |
| 245 | 0 | |c Seinfeld, John H | |
| 260 | |b John Wiley & Sons, Inc | ||
| 260 | |c 2016 | ||
| 650 | |a Hóa học khí quyển; Hóa học môi trường; Không khí; | ||
| 927 | |a Sách | ||
| 980 | |a Trung tâm Thư viện - Trường Đại học Công nghiệp TP. Hồ Chí Minh | ||